00274nam a2200121 a 450000500170000002000180001710000190003524500270005426000330008130000110011404100080012565000190013320260702181356.0 a97803167691741 aSalinger, J.D.10aThe Catcher in the Rye aNew YorkbLittle Brownc2001 a277 p.0 aeng 0aRoman american